Score 0/20 Timer 02:00
1 Play Today
Actor/Actress Missing Word % Correct
Christopher LeeChocolate
97.6%
Natalie PortmanBlack
96.9%
Natalie PortmanAttached
95.5%
Ewan McGregorAngels
91.6%
Warwick DavisGuide
90.9%
Natalie PortmanVendetta
89.2%
Ewan McGregorHawk
87.3%
Christopher LeeTwo
87.1%
Warwick DavisSorcerer's
81.7%
Christopher LeeGolden
78.4%
Actor/Actress Missing Word % Correct
Christopher LeeSleepy
78.1%
Warwick DavisCaspian
70.2%
Natalie PortmanYour
69.8%
Ewan McGregorMcPhee
69.5%
Natalie PortmanWonder
51.8%
Christopher LeeSeason
29.3%
Ewan McGregorWriter
21.3%
Ewan McGregorOperation
7%
Warwick DavisDeep
2.8%
Warwick DavisAgent
2.2%

Today's Daily Dose

Missing Word
I Hardly Know Her!

Word Ladder
Sentence Ending

Quick Pick
Female Firsts

Get the Picture
Triathlon Sports

Remove Ads.
Support Sporcle.
Get the best of Sporcle when you Go Orange. This ad-free experience offers more features, more stats, and more fun while also helping to support Sporcle. Thank you for becoming a member.

You're not logged in!

Compare scores with friends on all Sporcle quizzes.
OR
Log In

Show Comments

Extras

Top Quizzes Today


Score Distribution

Your Account Isn't Verified!

In order to create a playlist on Sporcle, you need to verify the email address you used during registration. Go to your Sporcle Settings to finish the process.

Report this User

Report this user for behavior that violates our Community Guidelines.

Details: